Development of Cooperative Security zborník je výstupom z projektu VEGA 1/0842/21 Vývoj kooperatívnej bezpečnosti a pozícia Slovenskej republiky
Salvato in:
| Ente Autore: | |
|---|---|
| Altri autori: | , , , |
| Natura: | Libro |
| Lingua: | inglese slovacco |
| Pubblicazione: |
Bratislava
Vydavateľstvo EKONÓM
2023
|
| Edizione: | 1st Edition |
| Soggetti: | |
| Tags: |
Nessun Tag, puoi essere il primo ad aggiungerne!!
|
MARC
| LEADER | 00000nlm a2200000 4500 | ||
|---|---|---|---|
| 001 | 0298140 | ||
| 005 | 20240717073656.6 | ||
| 020 | |a 978-80-225-5117-5 | ||
| 041 | 0 | |a eng | |
| 041 | 0 | |a slo | |
| 044 | |a SK | ||
| 245 | 1 | 0 | |a Development of Cooperative Security |b zborník je výstupom z projektu VEGA 1/0842/21 Vývoj kooperatívnej bezpečnosti a pozícia Slovenskej republiky |c Editors/zostavovatelia: Juraj Sýkora, Eva Vlková ; Reviewers/recenzenti: Martin Grešš, Kristína Baculáková |
| 250 | |a 1st Edition | ||
| 264 | 1 | |a Bratislava |b Vydavateľstvo EKONÓM |c 2023 | |
| 300 | |a 60 s. [5,06 AH] | ||
| 610 | 2 | 0 | |a bezpečnosť medzinárodná |
| 610 | 2 | 0 | |a kooperácia |
| 610 | 2 | 0 | |a spolupráca medzinárodná |
| 610 | 2 | 0 | |a problémy globálne |
| 610 | 2 | 0 | |a ochrana ľudských práv |
| 610 | 2 | 0 | |a právo medzinárodné |
| 610 | 2 | 0 | |a bezpečnosť informačná |
| 610 | 2 | 0 | |a pandémia |
| 610 | 2 | 0 | |a Európa |
| 610 | 2 | 0 | |a USA |
| 700 | 1 | |a Sýkora, Juraj, 1998- | |
| 700 | 1 | |a Vlková, Eva, 1953- | |
| 700 | 1 | |a Grešš, Martin, 1978- | |
| 700 | 1 | |a Baculáková, Kristína, 1988- | |
| 710 | 2 | |a Ekonomická univerzita v Bratislave. Fakulta medzinárodných vzťahov | |